| 000 | 01452nam a2200385 a 4500 | ||
|---|---|---|---|
| 001 | ebr10526875 | ||
| 003 | CaPaEBR | ||
| 006 | m u | ||
| 007 | cr cn||||||||| | ||
| 008 | 840814s1984 ne a sb 000 0beng d | ||
| 020 | _z9027220166 (pbk.) | ||
| 020 | _z9789027220165 | ||
| 020 | _z9789027274496 (e-book) | ||
| 040 |
_aCaPaEBR _cCaPaEBR |
||
| 035 | _a(OCoLC)778436318 | ||
| 043 |
_an-us--- _ae-ne--- |
||
| 050 | 1 | 4 |
_aLB2331 _b.L47 1984eb |
| 082 | 0 | 4 |
_a378/.1796 _219 |
| 100 | 1 |
_aLetiche, Hugo K., _d1946- |
|
| 245 | 1 | 0 |
_aLearning and hatred for meaning _h[electronic resource] / _cHugo K. Letiche. |
| 260 |
_aAmsterdam ; _aPhiladelphia : _bJ. Benjamins Pub. Co., _c1984. |
||
| 300 |
_a270 p. : _bill. |
||
| 500 | _aSummary in Dutch. | ||
| 504 | _aIncludes bibliographical references. | ||
| 533 |
_aElectronic reproduction. _bPalo Alto, Calif. : _cebrary, _d2012. _nAvailable via World Wide Web. _nAccess may be limited to ebrary affiliated libraries. |
||
| 600 | 1 | 0 |
_aLetiche, Hugo K., _d1946- |
| 650 | 0 | _aCollege teaching. | |
| 650 | 0 | _aLecture method in teaching. | |
| 650 | 0 | _aKnowledge, Theory of. | |
| 650 | 0 |
_aCollege teachers _zNetherlands _vBiography. |
|
| 650 | 0 |
_aCollege teachers _zUnited States _vBiography. |
|
| 655 | 7 |
_aElectronic books. _2local |
|
| 710 | 2 | _aebrary, Inc. | |
| 856 | 4 | 0 |
_uhttp://site.ebrary.com/lib/rucke/Doc?id=10526875 _zAn electronic book accessible through the World Wide Web; click to view |
| 999 |
_c144833 _d144833 |
||